| 000 | 00900nas a2200313 4500 | ||
|---|---|---|---|
| 001 | BR0900119 | ||
| 003 | BR-BrBNA | ||
| 005 | 20231205112956.0 | ||
| 007 | ta | ||
| 008 | 230509b bl.|||p| |||| 00| 00por d | ||
| 040 |
_aBR-BrBNA _bpor _cBiblioteca Nacional de Agricultura |
||
| 041 | _a(Pt) | ||
| 072 | _aF30 | ||
| 100 | 1 | _aMiranda, G.V. | |
| 100 | 1 | _aSouza, L.V. de | |
| 100 | 1 | _aCoimbra, R.R. | |
| 100 | 1 | _aGalvão, J.C.C. | |
| 100 | 1 | _aMelo, A.V. de | |
| 100 | 1 | _aGuimarães, L.J.M. | |
| 100 | 1 | _aVilela, F.O. | |
| 245 | 1 | _aComportamento de cultivares de milho em Minas Gerais-Safras 1998/1999 e 1999/2000 | |
| 650 | _aMILHO | ||
| 650 | _aHÍBRIDOS | ||
| 650 | _aGENÓTIPO | ||
| 650 | _aRENDIMENTO | ||
| 773 | 0 |
_tRevista Ceres (Brazil) _xISSN 0034-737X _g(May-Jun 2005), v. 52(301) p. 401-419 _wBR0900119 |
|
| 909 |
_a202311 _bLúcia _c55 _dLúcia Elande |
||
| 942 |
_2AGRIS _n0 _cANA |
||
| 999 |
_c201124 _d201124 |
||